駅名に「川」を含む駅 - Statistics

General Stats
  • This quiz has been taken 310 times
  • The average score is 139 of 500
Answer Stats
Hint Answer % Correct
川口市 川口
88%
川崎市 川崎
87%
川越市 川越
84%
市川市 市川
84%
川口市 西川口
77%
伊予市 | 札幌市 | 桐生市 | 豊橋市 新川
76%
立川市 立川
76%
宇城市 | 小平市 小川
76%
旭川市 旭川
75%
富田林市 | 岩国市 川西
75%
港区 品川
73%
滝川市 滝川
71%
砂川市 砂川
71%
川口市 東川口
71%
吉川市 吉川
71%
川越市 川越市
70%
川崎市 大川
70%
茨木市 | 豊川市 豊川
69%
大阪市 | 洋野町 玉川
67%
深川市 深川
66%
上川町 上川
66%
千代田区 | 小川町 小川町
66%
品川区 北品川
66%
寒川町 寒川
66%
五所川原市 五所川原
65%
南陽市 | 横浜市 中川
65%
桶川市 桶川
65%
滑川市 滑川
65%
中津川市 中津川
65%
掛川市 掛川
64%
弘前市 石川
63%
川越市 本川越
63%
江戸川区 江戸川
63%
立川市 西立川
63%
加古川市 加古川
63%
須賀川市 須賀川
62%
仙台市 | 宮古市 | 薩摩川内市 川内
61%
渋川市 渋川
61%
大田区 多摩川
61%
糸魚川市 糸魚川
61%
静岡市 井川
61%
川崎市 新川崎
60%
鴨川市 安房鴨川
58%
墨田区 | 菊川市 菊川
58%
寝屋川市 寝屋川市
58%
吉川市 吉川美南
57%
福島市 松川
56%
立川市 立川南
56%
京都市 | 桂川町 桂川
56%
立川市 立川北
55%
大阪市 木津川
55%
那智勝浦町 湯川
55%
川崎市 京急川崎
54%
女川町 女川
53%
川西市 川西池田
53%
川西市 川西能勢口
53%
川南町 川南
53%
大崎市 古川
52%
富士市 富士川
52%
豊川市 豊川稲荷
51%
由利本荘市 川辺
50%
安中市 | 広島市 横川
50%
川越市 西川越
50%
市川市 市川大野
50%
市川市 市川塩浜
50%
延岡市 北川
50%
むかわ町 鵡川
49%
川口市 川口元郷
49%
加古川市 東加古川
49%
岡山市 柳川
48%
佐川町 佐川
48%
川棚町 川棚
48%
旭川市 新旭川
47%
横浜市 神奈川
47%
小田原市 早川
47%
一宮市 木曽川
47%
千葉市 検見川
46%
あきる野市 秋川
46%
真室川町 真室川
45%
品川区 品川シーサイド
45%
横浜市 東神奈川
45%
小田原市 根府川
45%
東海市 太田川
45%
海陽町 浅川
45%
中川町 天塩中川
44%
筑西市 川島
44%
千葉市 新検見川
44%
千葉市 検見川浜
44%
市川市 市川真間
44%
川崎市 川崎大師
44%
田川市 田川後藤寺
44%
門川町 門川
44%
土浦市 荒川沖
43%
狛江市 和泉多摩川
43%
坂出市 鴨川
43%
指宿市 山川
43%
旭川市 東旭川
42%
日高市 高麗川
42%
文京区 江戸川橋
42%
川崎市 浜川崎
42%
市川三郷町 市川大門
42%
旭川市 旭川四条
41%
滝川市 東滝川
40%
世田谷区 二子玉川
40%
荒川区 荒川車庫前
40%
立川市 西武立川
40%
奥多摩町 川井
40%
横浜市 石川町
40%
茅ヶ崎市 香川
40%
大阪市 東淀川
40%
大阪市 淀川
40%
井川町 井川さくら
39%
日光市 鬼怒川温泉
39%
荒川区 荒川区役所前
39%
川崎市 川崎新町
39%
滑川市 東滑川
39%
東近江市 能登川
39%
浜松市 天竜川
38%
西宮市 武庫川
38%
成田市 成田湯川
37%
長野市 川中島
37%
掛川市 西掛川
37%
芦屋市 芦屋川
37%
松阪市 伊勢中川
36%
伊達市 | 大月市 梁川
35%
五所川原市 津軽五所川原
35%
志木市 柳瀬川
35%
豊島区 千川
35%
町田市 鶴川
35%
まんのう町 | 名古屋市 | 川崎市 | 有田町 黒川
35%
静岡市 安倍川
35%
春日井市 勝川
35%
伊勢市 宮川
35%
寝屋川市 寝屋川公園
35%
田舎館村 川部
34%
石川町 磐城石川
34%
日光市 鬼怒川公園
34%
荒川区 荒川七丁目
34%
荒川区 荒川遊園地前
34%
立川市 玉川上水
34%
調布市 仙川
34%
町田市 玉川学園前
34%
横浜市 神奈川新町
34%
滑川市 西滑川
34%
東伊豆町 伊豆熱川
34%
広川町 広川ビーチ
34%
四国中央市 川之江
34%
田川市 田川伊田
34%
横浜市 京急東神奈川
33%
岡崎市 藤川
33%
西宮市 さくら夙川
33%
西宮市 夙川
33%
由仁町 | 阿賀町 三川
32%
荒川区 荒川二丁目
32%
国立市 矢川
32%
大阪市 | 東近江市 桜川
32%
宇部市 宇部新川
32%
吉野川市 川田
32%
柳川市 西鉄柳川
32%
荒川区 荒川一中前
31%
調布市 京王多摩川
31%
松川村 信濃松川
31%
白川町 白川口
31%
小山市 思川
30%
銚子市 外川
30%
福生市 熊川
30%
川上村 信濃川上
30%
一宮市 新木曽川
30%
遠賀町 遠賀川
30%
鹿児島市 平川
30%
明和町 川俣
29%
品川区 立会川
29%
掛川市 掛川市役所前
29%
伊勢市 五十鈴川
29%
川越町 川越富洲原
29%
木津川市 木津川台
29%
広島市 天神川
29%
常陸大宮市 玉川村
28%
長野原町 川原湯温泉
28%
大崎市 西古川
27%
浅川町 磐城浅川
27%
野田市 川間
27%
流山市 江戸川台
27%
大阪市 | 村上市 今川
27%
阿賀町 津川
27%
白山市 美川
27%
飛騨市 飛騨古川
27%
東伊豆町 伊豆北川
27%
大阪市 相川
27%
勝浦市 行川アイランド
26%
豊橋市 二川
26%
清須市 新川橋
26%
高島市 安曇川
26%
丹波市 谷川
26%
桑名市 | 横浜市 星川
25%
名古屋市 | 相良村 川村
25%
一宮市 木曽川堤
25%
四日市市 川原町
25%
西宮市 仁川
25%
周南市 福川
25%
福島市 金谷川
24%
日光市 湯西川温泉
24%
長岡市 越後川口
24%
岡谷市 川岸
24%
伊東市 川奈
24%
愛荘町 愛知川
24%
西宮市 武庫川団地前
24%
宝塚市 逆瀬川
24%
別府市 亀川
24%
函館市 湯の川
23%
音威子府村 天塩川温泉
23%
中津川市 落合川
23%
岡山市 金川
23%
五所川原市 | 四万十町 十川
22%
むつ市 赤川
22%
庄内町 清川
22%
日光市 川治温泉
22%
東庄町 笹川
22%
大田区 石川台
22%
立川市 武蔵砂川
22%
飛騨市 角川
22%
島田市 川根温泉笹間渡
22%
京都市 太秦天神川
22%
大阪市 神崎川
22%
神戸市 湊川
22%
西宮市 鳴尾・武庫川女子大前
22%
和歌山市 紀ノ川
22%
下関市 川棚温泉
22%
由仁町 川端
21%
秋田市 泉外旭川
21%
日光市 川治湯元
21%
香取市 小見川
21%
東村山市 久米川
21%
横浜市 二俣川
21%
滑川市 中滑川
21%
名古屋市 川名
21%
函館市 湯の川温泉
20%
弟子屈町 川湯温泉
20%
白石市 北白川
20%
本宮市 五百川
20%
横浜市 上星川
20%
村上市 越後寒川
20%
糸魚川市 姫川
20%
市川三郷町 市川本町
20%
塩尻市 贄川
20%
辰野町 信濃川島
20%
東伊豆町 伊豆大川
20%
岡崎市 男川
20%
半田市 乙川
20%
亀岡市 千代川
20%
岬町 多奈川
20%
岡山市 西川原
20%
熊本市 川尻
20%
千葉市 | 志摩市 穴川
19%
木更津市 上総清川
19%
練馬区 氷川台
19%
横浜市 川和町
19%
柏崎市 青海川
19%
甲賀市 貴生川
19%
大阪市 安治川口
19%
堺市 大和川
19%
門真市 古川橋
19%
山口市 嘉川
19%
西条市 壬生川
19%
四万十町 窪川
19%
喜多方市 塩川
18%
可児市 可児川
18%
川辺町 中川辺
18%
神戸市 石屋川
18%
神戸市 湊川公園
18%
佐川町 西佐川
18%
函館市 | 碧南市 新川町
17%
青森市 油川
17%
東北町 小川原
17%
金山町 会津川口
17%
深谷市 武川
17%
木更津市 東清川
17%
長岡市 前川
17%
亀山市 井田川
17%
彦根市 ひこね芹川
17%
泉南市 和泉砂川
17%
出雲市 川跡
17%
熊本市 堀川
17%
弘前市 石川プール前
16%
盛岡市 厨川
16%
野田村 野田玉川
16%
仙台市 奥新川
16%
鶴岡市 五十川
16%
伊万里市 | 須賀川市 川東
16%
北区 滝野川一丁目
16%
立川市 砂川七番
16%
富士宮市 芝川
16%
平群町 竜田川
16%
高梁市 備中川面
16%
広島市 上深川
16%
広島市 中深川
16%
広島市 下深川
16%
吉野川市 阿波川島
16%
宮古市 陸中川井
15%
いわき市 小川郷
15%
太田市 韮川
15%
大豊町 土佐北川
15%
北上市 立川目
14%
北上市 横川目
14%
宇都宮市 西川田
14%
宇部市 | 桐生市 東新川
14%
毛呂山町 川角
14%
村上市 桑川
14%
中能登町 良川
14%
浜松市 浦川
14%
四日市市 中川原
14%
京都市 嵐電天神川
14%
福知山市 上川口
14%
精華町 山田川
14%
西宮市 久寿川
14%
広島市 横川駅
14%
四国中央市 伊予寒川
14%
岩手町 岩手川口
13%
湯川村 笈川
13%
城陽市 久津川
13%
堺市 石津川
13%
八尾市 服部川
13%
奥出雲町 八川
13%
岡山市 西川緑道公園
13%
四国中央市 関川
13%
宇土市 緑川
13%
森町 赤井川
12%
八戸市 陸奥市川
12%
今別町 大川平
12%
大鰐町 宿川原
12%
大崎市 川渡温泉
12%
大館市 下川沿
12%
三種町 鯉川
12%
天童市 乱川
12%
いわき市 川前
12%
府中市 下川辺
12%
新潟市 荻川
12%
村上市 越後早川
12%
魚沼市 大白川
12%
高岡市 越中中川
12%
市川三郷町 芦川
12%
飯山市 上桑名川
12%
飯山市 桑名川
12%
美濃加茂市 美濃川合
12%
川根本町 川根両国
12%
神戸市 伊川谷
12%
姫路市 夢前川
12%
山口市 上嘉川
12%
三好市 阿波川口
12%
福岡市 中洲川端
12%
札幌市 澄川
11%
平内町 清水川
11%
北秋田市 合川
11%
にかほ市 小砂川
11%
会津若松市 大川ダム公園
11%
猪苗代町 川桁
11%
大子町 上小川
11%
千葉市 葭川公園
11%
川根本町 川根小山
11%
東浦町 緒川
11%
津市 伊勢川口
11%
四日市市 伊勢川島
11%
四日市市 阿倉川
11%
大阪市 駒川中野
11%
河合町 佐味田川
11%
高野町 紀伊細川
11%
四万十市 江川崎
11%
いの町 波川
11%
黒潮町 土佐上川口
11%
長崎市 現川
11%
薩摩川内市 上川内
11%
北斗市 清川口
10%
上越市 有間川
10%
中央市 小井川
10%
碧南市 北新川
10%
大台町 川添
10%
呉市 安芸川尻
10%
呉市 川原石
10%
世羅町 備後三川
10%
下関市 阿川
10%
阿久根市 薩摩大川
10%
曽於市 大隅大川原
10%
南九州市 頴娃大川
10%
むつ市 近川
9%
川崎町 豊前川崎
9%
由利本荘市 鮎川
9%
鶴岡市 小岩川
9%
金山町 会津越川
9%
喜多方市 会津豊川
9%
玉川村 川辺沖
9%
常陸大宮市 下小川
9%
中野市 中野松川
9%
新城市 三河川合
9%
京都市 今出川
9%
京都市 有栖川
9%
江津市 敬川
9%
内子町 伊予立川
9%
いの町 枝川
9%
栃木市 野州平川
8%
市原市 上総川間
8%
上越市 虫川大杉
8%
上市町 新宮川
8%
飯田市 川路
8%
いなべ市 丹生川
8%
広島市 横川一丁目
8%
吉野川市 阿波山川
8%
板野町 阿波川端
8%
みやこ町 犀川
8%
佐伯市 直川
8%
霧島市 嘉例川
8%
那覇市 壺川
8%
五所川原市 川倉
7%
一関市 陸中松川
7%
横手市 小松川
7%
由利本荘市 道川
7%
大仙市 峰吉川
7%
金山町 会津中川
7%
いすみ市 上総中川
7%
富山市 大川寺
7%
浜松市 下川合
7%
名古屋市 荒子川公園
7%
名古屋市 川宮
7%
岡山市 迫川
7%
広島市 河戸帆待川
7%
山口市 渡川
7%
四万十町 家地川
7%
黒潮町 有井川
7%
南九州市 水成川
7%
函館市 堀川町
6%
宮古市 払川
6%
庄内町 狩川
6%
福島市 上松川
6%
郡山市 谷田川
6%
秩父市 武州中川
6%
射水市 庄川口
6%
津市 川合高岡
6%
倉敷市 川辺宿
6%
広島市 本川町
6%
岩国市 米川
6%
牟岐町 辺川
6%
四万十町 打井川
6%
みやこ町 東犀川三四郎
6%
伊万里市 桃川
6%
松浦市 調川
6%
長与町 本川内
6%
南阿蘇村 阿蘇白川
6%
南阿蘇村 南阿蘇白川水源
6%
指宿市 薩摩川尻
6%
前橋市 粕川
5%
富山市 堀川小泉
5%
富山市 城川原
5%
松山市 石手川公園
5%
伊予市 高野川
5%
日田市 豊後中川
5%
霧島市 大隅横川
5%
川西町 犬川
4%
富山市 諏訪川原
4%
広島市 舟入川口町
4%
三次市 上川立
4%
山陽小野田市 南中川
4%
高松市 春日川
4%
高知市 鏡川橋
4%
田川市 田川市立病院
4%
行橋市 今川河童
4%
伊万里市 大川野
4%
豊後大野市 豊後清川
4%
大阪市 細井川
3%
綾川町 綾川(イオンモール綾川)
3%
長崎市 新中川町
3%
熊本市 坪井川公園
3%
阿蘇市 市ノ川
3%
No matching quizzes found
Score Distribution
Percent of People with Each Score
Percentile by Number Answered
Your Score History
You have not taken this quiz